Yes we can ! / (Record no. 9827)
[ view plain ]
| 000 -LEADER | |
|---|---|
| fixed length control field | 01137nam a22003017a 4500 |
| 001 - CONTROL NUMBER | |
| control field | 9827 |
| 003 - CONTROL NUMBER IDENTIFIER | |
| control field | FISKH |
| 005 - DATE AND TIME OF LATEST TRANSACTION | |
| control field | 20260303093754.0 |
| 008 - FIXED-LENGTH DATA ELEMENTS--GENERAL INFORMATION | |
| fixed length control field | 260303b cb ||||| |||| 00| 0 eng d |
| 020 ## - INTERNATIONAL STANDARD BOOK NUMBER | |
| International Standard Book Number | 9780545111638 |
| 040 ## - CATALOGING SOURCE | |
| Original cataloging agency | FISKH |
| Language of cataloging | eng |
| Transcribing agency | FISKH |
| Modifying agency | FISKH |
| 050 ## - LIBRARY OF CONGRESS CALL NUMBER | |
| Classification number | PZ7 .M47826 .Y |
| 082 ## - DEWEY DECIMAL CLASSIFICATION NUMBER | |
| Classification number | 823.92 |
| 100 ## - MAIN ENTRY--PERSONAL NAME | |
| Personal name | McBratney , Sam |
| 245 ## - TITLE STATEMENT | |
| Title | Yes we can ! / |
| Statement of responsibility, etc. | By Sam McBratney : Illustrated by Charles Fuge |
| 250 ## - EDITION STATEMENT | |
| Edition statement | First Scholastic printing , September 2008 |
| 260 ## - PUBLICATION, DISTRIBUTION, ETC. | |
| Place of publication, distribution, etc. | New York : |
| Name of publisher, distributor, etc. | Scholastic , |
| Date of publication, distribution, etc. | 2006. |
| 300 ## - PHYSICAL DESCRIPTION | |
| Extent | 32 unnumbered pages : |
| Other physical details | color illustratiions ; |
| Dimensions | 27 cm . |
| 505 ## - FORMATTED CONTENTS NOTE | |
| Formatted contents note | G <br/> |
| 520 ## - SUMMARY, ETC. | |
| Summary, etc. | Little Roo and his friends usually have a great time playing together, but not today. They are too busy making fun of each other. When everyone is left in bad moods, Little Roo's wise mother comes up with an idea that might make the threesome make amends. |
| 521 8# - TARGET AUDIENCE NOTE | |
| Target audience note | 400 <br/> |
| Source | Lexile BR <br/> |
| 521 8# - TARGET AUDIENCE NOTE | |
| Target audience note | G <br/> |
| Source | Raz-Plus <br/> |
| 650 ## - SUBJECT ADDED ENTRY--TOPICAL TERM | |
| Topical term or geographic name entry element | Self-esteem |
| Form subdivision | Children's Book |
| 650 ## - SUBJECT ADDED ENTRY--TOPICAL TERM | |
| Topical term or geographic name entry element | Teamwork |
| Form subdivision | Children's Book |
| 700 ## - ADDED ENTRY--PERSONAL NAME | |
| Personal name | Fuge , Charles |
| Relator term | Illustrator |
| 942 ## - ADDED ENTRY ELEMENTS (KOHA) | |
| Source of classification or shelving scheme | Dewey Decimal Classification |
| Koha item type | Books |
| Suppress in OPAC | No |
| Withdrawn status | Lost status | Source of classification or shelving scheme | Damaged status | Not for loan | Collection | Home library | Current library | Shelving location | Date acquired | Total Checkouts | Full call number | Barcode | Date last seen | Price effective from | Koha item type |
|---|---|---|---|---|---|---|---|---|---|---|---|---|---|---|---|
| Dewey Decimal Classification | Juvenile Fiction | Footprints International School Library Network Toul Tom Poung Campus | Footprints International School Library Network Toul Tom Poung Campus | TTP Primary Dark Blue Bookshelves | 03/03/2026 | MCB 823.92 PZ7 .M47826 .Y | FISBK05522 | 03/03/2026 | 03/03/2026 | Books |
